| 000 | 01907cam a22002775a 4500 | ||
|---|---|---|---|
| 001 | L159810 | ||
| 008 | 121204s2017 xxk f 000 0 eng d | ||
| 020 | _a9781783212088 | ||
| 035 | _a(Sirsi) u159810 | ||
| 041 | 0 | _aeng | |
| 110 | 2 | _aRoyal Institution of Chartered Surveyors | |
| 245 | 0 | 0 |
_aWhole life carbon assessment for the built environment _h[electronic resource] |
| 260 |
_aLondon _bRICS _c2017 |
||
| 490 | 0 | _aRICS Guidance Note | |
| 490 | 0 | _aRICS Professional Statement | |
| 520 | _aMandates a whole life approach to reducing carbon emissions within the built environment. It sets out specific mandatory principles and supporting guidance for the interpretation and implementation of EN 15978 methodology. Specific objectives of this professional statement include providing a consistent whole life carbon assessment implementation plan and reporting structure for built projects, and promoting the reliability of whole life carbon assessments by acting as a solid reference for the industry. It is intended primarily for a UK audience. However, while the numeric assumptions are based on UK locations and standard practices, geographic adjustments are highlighted to enable the requirements and guidance to be applied in other countries. | ||
| 520 | _aSuperseded from 1 July 2024 by 2nd edition published September 2023 ISBN 9781783215034 | ||
| 650 | 2 | 4 | _aCARBON EMISSIONS |
| 650 | 2 | 4 | _aEN 15978 |
| 650 | 2 | 4 | _aWHOLE LIFE APPRAISAL |
| 651 | 4 | _aUnited Kingdom | |
| 690 |
_aQuantity surveying _96263 |
||
| 856 | 4 | 1 |
_uhttps://www.isurv.com/downloads/file/7491/whole_life_carbon_assessment_for_the_built_environment_1st_edition _zArchived on isurv (subscription required) |
| 856 | 4 | 1 |
_uhttps://www.rics.org/content/dam/ricsglobal/documents/standards/whole_life_carbon_assessment_for_the_built_environment_1st_edition_rics.pdf _z1st edition in force until 1 July 2024 |
| 942 | _n0 | ||
| 999 |
_c116120 _d116120 |
||